000 00292nam a22001337a 4500
008 170213b xxu||||| |||| 00| 0 eng d
020 _a9781416001652
041 _aeng
080 _24TH
_a61
100 _a4
101 _aSHM
245 _aMEDICAL TERMINOLOGY
_cCHABNER, D.E
942 _2udc
_cBK
999 _c5198
_d5198